2009 World Series New York Yankees Starting Lineup - Statistics

General Stats
  • This quiz has been taken 35 times
  • The average score is 7 of 9
Answer Stats
Hint Answer % Correct
3B Alex Rodriguez
100%
SS Derek Jeter
100%
C Jorge Posada
100%
1B Mark Teixeira
93%
2B Robinson Cano
86%
P CC Sabathia
79%
LF Hideki Matsui
72%
RF Nick Swisher
66%
CF Melky Cabrera
48%
No matching quizzes found
Score Distribution
Percent of People with Each Score
Percentile by Number Answered
Your Score History
You have not taken this quiz